| 000 | 00389 a2200133 4500 | ||
|---|---|---|---|
| 001 | 91321 | ||
| 082 | _aPR 1216 | ||
| 090 |
_c43433 _d43432 |
||
| 100 | _aMuhammad Imran; | ||
| 245 |
_aExperimental Study on the Performance of an Axial Flow Compressor installed in the Propulsion Lab _n44 "A" EC |
||
| 260 |
_aKarachi _bNED University _c1996 |
||
| 300 | _a51p | ||
| 500 | _aBE Project Reports | ||
| 942 |
_aCAE NUST _kPR 1216 |
||
| 999 |
_c326394 _d326394 |
||